<?xml version="1.0" encoding="UTF-8"?>
<record
    xmlns:xsi="http://www.w3.org/2001/XMLSchema-instance"
    xsi:schemaLocation="http://www.loc.gov/MARC21/slim http://www.loc.gov/standards/marcxml/schema/MARC21slim.xsd"
    xmlns="http://www.loc.gov/MARC21/slim">

  <leader>02000    a2200325   4500</leader>
  <controlfield tag="003">OSt</controlfield>
  <controlfield tag="005">20180116192346.0</controlfield>
  <controlfield tag="008">120531t        xxu||||| |||| 00| 0 eng d</controlfield>
  <datafield tag="010" ind1=" " ind2=" ">
    <subfield code="a">  2006036318</subfield>
  </datafield>
  <datafield tag="020" ind1=" " ind2=" ">
    <subfield code="a">9781568986241 (pbk.)</subfield>
  </datafield>
  <datafield tag="020" ind1=" " ind2=" ">
    <subfield code="a">1568986246 (pbk.)</subfield>
  </datafield>
  <datafield tag="040" ind1=" " ind2=" ">
    <subfield code="c">0</subfield>
  </datafield>
  <datafield tag="082" ind1="0" ind2="0">
    <subfield code="a">363.68</subfield>
  </datafield>
  <datafield tag="100" ind1=" " ind2=" ">
    <subfield code="a">Czerniak, Julia</subfield>
    <subfield code="9">2766</subfield>
  </datafield>
  <datafield tag="245" ind1="0" ind2="0">
    <subfield code="a">Large parks /</subfield>
    <subfield code="c">[edited by] Julia Czerniak and George Hargreaves ; contributors, John Beardsley ... [etc.].</subfield>
  </datafield>
  <datafield tag="260" ind1=" " ind2=" ">
    <subfield code="a">New York :</subfield>
    <subfield code="b">Princeton Architectural Press ;</subfield>
    <subfield code="a">Cambridge, Mass. :</subfield>
    <subfield code="b">in association with the Harvard University Graduate School of Design,</subfield>
    <subfield code="c">2007.</subfield>
  </datafield>
  <datafield tag="300" ind1=" " ind2=" ">
    <subfield code="a">255 p. :</subfield>
    <subfield code="b">ill. (some col.), maps (some col.) ;</subfield>
    <subfield code="c">23 cm.</subfield>
  </datafield>
  <datafield tag="505" ind1=" " ind2=" ">
    <subfield code="a">  James Corner-- Introduction: Speculating on Size-- Julia Czerniak-- Sustainable Large Parks: Ecological Design or Designer Ecology?-- Nina-Marie Lister-- Uncertain Parks: Disturbed Sites, Citizens, and Risk Society -- Elizabeth K. Meyer-- Matrix Landscape: Construction of Identity in the Large Park-- Linda Pollak-- Large Parks: A Designer's Perspective-- George Hargreaves-- Re-placing Process-- Anita Berrizbeitia -- Conflict and Erosion: The Contemporary Public Life of Large Parks-- John Beardsley-- Legibility and Resilience-- Julia Czerniak-- Contributors-- Index-- Image Credits--</subfield>
  </datafield>
  <datafield tag="650" ind1=" " ind2="0">
    <subfield code="a">Parks.</subfield>
    <subfield code="9">2767</subfield>
  </datafield>
  <datafield tag="650" ind1=" " ind2="0">
    <subfield code="a">Urban landscape architecture.</subfield>
    <subfield code="9">2768</subfield>
  </datafield>
  <datafield tag="650" ind1=" " ind2="0">
    <subfield code="a">Landscape ecology.</subfield>
    <subfield code="9">2769</subfield>
  </datafield>
  <datafield tag="700" ind1="1" ind2=" ">
    <subfield code="a">Czerniak, Julia.</subfield>
    <subfield code="9">2770</subfield>
  </datafield>
  <datafield tag="700" ind1="1" ind2=" ">
    <subfield code="a">Hargreaves, George,</subfield>
    <subfield code="d">1962-</subfield>
    <subfield code="9">2771</subfield>
  </datafield>
  <datafield tag="710" ind1="2" ind2=" ">
    <subfield code="a">Harvard University.</subfield>
    <subfield code="b">Graduate School of Design.</subfield>
    <subfield code="9">2772</subfield>
  </datafield>
  <datafield tag="856" ind1="4" ind2="1">
    <subfield code="3">Table of contents only</subfield>
    <subfield code="u">http://www.loc.gov/catdir/toc/ecip074/2006036318.html</subfield>
  </datafield>
  <datafield tag="856" ind1="4" ind2="1">
    <subfield code="3">Publisher description</subfield>
    <subfield code="u">http://www.loc.gov/catdir/enhancements/fy0722/2006036318-d.html</subfield>
  </datafield>
  <datafield tag="856" ind1="4" ind2="1">
    <subfield code="3">Contributor biographical information</subfield>
    <subfield code="u">http://www.loc.gov/catdir/enhancements/fy0732/2006036318-b.html</subfield>
  </datafield>
  <datafield tag="942" ind1=" " ind2=" ">
    <subfield code="a">SADA</subfield>
    <subfield code="c">BK</subfield>
    <subfield code="k">363.68 CZE 2007</subfield>
    <subfield code="2">ddc</subfield>
  </datafield>
  <datafield tag="999" ind1=" " ind2=" ">
    <subfield code="c">352763</subfield>
    <subfield code="d">352763</subfield>
  </datafield>
  <datafield tag="952" ind1=" " ind2=" ">
    <subfield code="0">0</subfield>
    <subfield code="1">0</subfield>
    <subfield code="2">ddc</subfield>
    <subfield code="4">0</subfield>
    <subfield code="7">0</subfield>
    <subfield code="a">SADA</subfield>
    <subfield code="b">SADA</subfield>
    <subfield code="d">2011-04-12</subfield>
    <subfield code="l">4</subfield>
    <subfield code="o">363.68 CZE 2007</subfield>
    <subfield code="p">SADA0000821</subfield>
    <subfield code="r">2015-12-15</subfield>
    <subfield code="s">2015-11-30</subfield>
    <subfield code="v">2485.00</subfield>
    <subfield code="w">2011-08-05</subfield>
    <subfield code="y">BK</subfield>
  </datafield>
</record>
